Type d'arbres en France - Statistiques

Statistiques générales
  • Ce quiz a été pris 145 fois
  • Le résultat moyen est 6 sur 10
Statistiques - réponses
Rang Superficie Essence d'arbre % Correct
2 306 millions de m² Chêne pédonculé
82%
1 310 millions de m² Chêne rouvre
82%
7 141 millions de m² Pin maritime
82%
6 149 millions de m² Pin sylvestre
82%
3 285 millions de m² Hêtre
78%
4 208 millions de m² Sapin pectiné
72%
5 208 millions de m² Épicéa commun
37%
10 111 millions de m² Charme
32%
8 132 millions de m² Châtaignier
27%
9 120 millions de m² Douglas
20%
Aucun quiz correspondant
Distribution des résultats
% des personnes avec chaque résultat
Percentile par nombre de réponses
Votre historique - résultats
Vous n’avez pas pris ce quiz